Estadísticas para Países con Desiertos

Haz click aquí para intentar la prueba.

Estadísticas generales

  • Esta prueba ha sido intentada 106 veces
    (71 desde el último reinicio)
  • La puntuación promedio es 38 de 62

Estadísticas de respuestas

ContinentePaís% Correcto
América del NorteEstados Unidos
93%
ÁfricaMarruecos
93%
AsiaChina
90%
ÁfricaArgelia
88%
América del SurArgentina
88%
América del SurChile
87%
América del NorteMéxico
87%
ÁfricaEgipto
82%
América del SurBolivia
80%
EuropaEspaña
80%
Europa/AsiaRusia
80%
OceaníaAustralia
77%
América del NorteCanadá
77%
AsiaMongolia
77%
América del SurPerú
77%
ÁfricaTúnez
77%
AsiaIndia
75%
ÁfricaLibia
75%
AsiaAfganistán
73%
AsiaArabia Saudita
73%
AsiaIrán
70%
ÁfricaSudán
70%
AsiaCatar
68%
AsiaIrak
68%
ÁfricaMauritania
68%
AsiaOmán
68%
ÁfricaSudáfrica
68%
AsiaPakistán
67%
ÁfricaNamibia
65%
AsiaSiria
65%
AsiaEmiratos Árabes Unidos
63%
AsiaYemen
63%
ÁfricaEtiopía
62%
AsiaIsrael
62%
América del SurColombia
60%
ÁfricaAngola
58%
AsiaKazajistán
58%
AsiaKuwait
58%
ÁfricaMali
58%
ÁfricaChad
57%
AsiaJordania
57%
ÁfricaNíger
57%
AsiaBaréin
52%
ÁfricaEritrea
50%
ÁfricaSenegal
48%
América del SurVenezuela
48%
OceaníaNueva Zelanda
47%
América del SurUruguay
47%
AsiaUzbekistán
47%
ÁfricaKenia
43%
ÁfricaBotsuana
42%
ÁfricaYibuti
42%
AsiaTurkmenistán
40%
EuropaItalia
38%
AsiaJapón
37%
EuropaNoruega
35%
EuropaFinlandia
33%
EuropaSuecia
33%
EuropaUcrania
32%
EuropaIslandia
30%
EuropaPolonia
15%
EuropaLituania
10%

Distribución de puntuación

Porcentaje por número respondido

Porcentaje de gente con cada puntuación

Historial de tus puntuaciones

No has intentado esta prueba desde el último reinicio